| 000 | 01355cam a2200421 i 4500 | ||
|---|---|---|---|
| 999 |
_c3894 _d3894 |
||
| 001 | ocn813528340 | ||
| 003 | OCoLC | ||
| 005 | 20171023160328.0 | ||
| 008 | 121011s2012 fr a b 001 0 fre | ||
| 010 | _a 2012541070 | ||
| 020 | _a9782213668987 | ||
| 020 | _a2213668981 | ||
| 029 | 1 |
_aNLGGC _b39410143X |
|
| 035 | _a(OCoLC)813528340 | ||
| 040 |
_aDLC _beng _erda _cDLC _dTZT _dOCLCO _dOCLCQ _dZCU _dOCLCQ _dOCLCF _dOCLCO _dOCL |
||
| 042 | _apcc | ||
| 043 |
_af-ly--- _ae-fr--- |
||
| 049 | _aTZAA | ||
| 050 | 0 | 0 |
_aDT236 _b.N68 |
| 082 | 0 | 0 |
_a961.204/2 _223 |
| 100 | 1 | _aNotin, Jean-Christophe. | |
| 245 | 1 | 3 |
_aVérité sur notre guerre en Libye / _cJean-Christophe Notin. |
| 260 |
_aParis _bFayard _c2012 |
||
| 300 |
_a583 pages : _bcolor illustrations ; _c24 cm |
||
| 504 | _aIncludes bibliographical references (pages 565-566) and index. | ||
| 611 | 2 | 7 |
_aCivil War (Libya : 2011-) _2fast _917605 |
| 648 | 7 |
_a2001 _2fast |
|
| 650 | 0 |
_aRegime change _zLibya. |
|
| 650 | 0 |
_aGeopolitics _zLibya. |
|
| 650 | 7 |
_aGeopolitics. _2fast |
|
| 650 | 7 |
_aMilitary participation _xFrench. _2fast |
|
| 650 | 7 |
_aRegime change. _2fast |
|
| 651 | 0 |
_aLibya _xHistory _yCivil War, 2011- _xParticipation, French. |
|
| 651 | 7 |
_aLibya. _2fast _917615 |
|
| 653 |
_aLibya _aCivil war _a21st century _aFrench participation |
||
| 655 | 7 |
_aHistory. _2fast |
|
| 942 |
_2lcc _cBOOK |
||